[Event "Enghien les Bains 4th"]
[Site "Enghien les Bains"]
[Date "2001.04.20"]
[Round "9"]
[White "Lautier, Joel"]
[Black "Akopian, Vladimir Eduardovic"]
[Result "1/2-1/2"]
[WhiteElo "2658"]
[BlackElo "2654"]
[Annotator "Wells,P"]
[PlyCount "84"]
[EventDate "2001.04.11"]
[EventType "tourn"]
[EventRounds "9"]
[EventCountry "FRA"]
[EventCategory "17"]
[SourceTitle "CBM 083"]
[Source "ChessBase"]
[SourceDate "2001.07.05"]
[SourceVersion "1"]
[SourceVersionDate "2001.07.05"]
[SourceQuality "1"]

1. d4 Nf6 2. c4 e6 3. Nc3 Bb4 4. e3 b6 5. Nge2 Ba6 6. a3 {I have put in
writing before my view that the text offers nothing much, and that only with} (
6. Ng3 {can white really create trouble.}) 6... Bxc3+ (6... Be7 $5) 7. Nxc3 d5
8. b3 O-O ({In my annotations to Gutov - Yemelin ( CBM 70 ) I gave rather
optimistic markings to a number of black's options in this line, and} 8... Nc6
$5 {is a case in point, although the case for not automatically castling but
checking out the possibilities for immediate counterplay is wholly valid. I
discussed the possibility} 9. Be2 (9. a4 $5 {however, might be more to the
point.} dxc4 10. bxc4 Na5 11. Nb5 c6 12. Na3 O-O 13. Bd2 $5) 9... dxc4 10. bxc4
Qd7 11. a4 Na5 12. Nb5 c6 13. Na3 Rc8 $13 {Mikhalchishin.}) 9. a4 Nc6 (9... c5
10. Ba3 dxc4 11. bxc4 Nc6 12. Nb5 Qb8 13. dxc5 Rd8 14. Qb1 bxc5 15. Be2 Qb6 16.
O-O Bb7 17. Ra2 $14 {1-0 Aleksandrov,A-Vladimirov,E/Istanbul 2000/EXT 2001 (53)
}) 10. Ba3 $6 {White hopes to drive the black rook to a sub-optimal square, by
attacking it when it has no other options available. Unfortunately, for
tactical reasons which may become only fully apparent on move 14, the square
e8 has its points since white's under-developed king-side enables his opponent
to free his position without more ado. So, what of the current state of the
main line} (10. Be2 Qd7 (10... Na5 11. Ba3 Re8 12. Rb1 $1 Rc8 (12... dxc4 13.
b4 Nb3 14. Rxb3 $16) 13. O-O c5 14. dxc5 bxc5 15. Nb5 $14 {was the
aforementioned A.Gutov - V.Yemelin, Russia Cup 1999, 1-0 (40) CBM70/Wells.}) (
10... dxc4 $5 11. bxc4 Na5 12. Ba3 Re8 {is perhaps critical and is covered
under 11...dxc4 in the main game below.}) 11. O-O Rfd8 12. Nb5 Na5 13. Bb2 dxc4
14. bxc4 c6 15. Na3 c5 16. dxc5 Qe7 17. Qc2 Qxc5 18. Rfd1 Bb7 19. Bf1 Qh5 20.
f3 Qg5 21. Kf2 h5 22. Nb5 h4 23. Rxd8+ Rxd8 24. Rd1 $14 {1-0 Aleksandrov,
A-Akopian,V/New Delhi 2000/CBM 81_01 (44)}) 10... Re8 11. Be2 e5 $1 {I suspect
this is rather easy to overlook. Of course, black can merely proceed with the
standard plan of pressuring c4. This is important too for transpositional
reasons - see note above.} (11... dxc4 12. bxc4 Na5 13. Nb5 c6 14. Nd6 Re7 15.
e4 (15. O-O $5 Rd7 $140 16. c5 Bxe2 17. Qxe2 $14 {[%csl Yd6]}) 15... Rd7 16. e5
Ne8 17. Qc2 Nb7 18. Ne4 Rxd4 19. Bb2 Rd7 20. Ra3 $44 {1-0 Kuzmin,G-Ree,H/Kiev
1978/EXT 2000 (31) white has definite attacking chances.}) 12. dxe5 Nxe5 $1 13.
Nxd5 $6 {If Lautier would have foreseen the full inconvenience of what was
coming then perhaps he would have preferred the unambitious but practical} (13.
cxd5 $1 Bxe2 14. Nxe2 $1 ({better than} 14. Qxe2 Nxd5 15. Qd2 (15. Rd1 $6 Nxc3
16. Rxd8 Raxd8 17. Qc2 Nd3+ $1 18. Kf1 Ne4 19. f3 Nef2 $40 {looks nasty}) 15...
Nxc3 16. Qxc3 Nd3+ $1 (16... Qg5 $6 17. O-O Nf3+ 18. Kh1 Qh5 19. Qxc7 $14) 17.
Kf1 Ne5 $36 {[%csl Rf1][%cal Yf1e2,Gd8c8,Gc8a6,Gc8g4] and it is not easy for
white to organise since any Ke2 will tend to be met with Qc8 threatening
invasion on two fronts. Here the time expended in removing the castling right
is well worthwhile.}) (14. Kxe2 Qc8 $5 $132) 14... Nxd5 15. O-O c5 $13) 13...
Nxd5 14. Qxd5 (14. cxd5 {is no longer any kind of panacea. After} Bxe2 15. Kxe2
(15. Qxe2 Qxd5 {simply wins a good pawn.}) 15... Qg5 $5 16. Kf1 Rad8 {leaves
white in serious trouble, and after the further two moves} 17. Qd2 $6 Ng4 18.
Rd1 Qf5 {[%csl Rf1][%cal Gd8d5,Yd2f2,Yd2d5] already basically lost.} 19. e4
Rxe4 20. f3 Ne3+ (20... Re5 $1 $19) 21. Kg1 Rxd5 22. Qxd5 Nxd5 23. fxe4 Qxe4
24. Bc1 Qe2 $19 {0-1 Petursson,M-Seul,G/Clichy 1991/TD (37)}) 14... Qh4 $1 {
[%csl Rd5,Ge4][%cal Ga8d8,Gh4e4][%mdl 8] Whoops! The full extent of white's
queen's misfortune becomes clear.} (14... Qf6 {suffices for equality, but by
allowing the queen to slip away to e4, by no means punishes white to the same
degree.} 15. Qd1 $6 (15. O-O $1 Rad8 16. Qe4 Nxc4 17. Qf3 Qxf3 18. gxf3 Nxa3
19. Bxa6 Nc2 20. Rad1 {is fairly forcing, slightly better for black but
nothing drastic. White should hold.}) 15... Rad8 16. Qb1 Bb7 17. O-O Qg5 18. e4
Nxc4 $1 19. f4 Nxa3 20. fxg5 Nxb1 21. Raxb1 Bxe4 {should have been sufficient
to win for black in 1/2-1/2 Hurme,H-Schneider,L/Jarvenpaa 1982/MCL (82)}) 15.
Qd4 $5 {Joel Lautier makes the rather practical decision to invest a pawn and
place his hopes of salvaging half a point in the opposite coloured bishops
with reduced material, a defence which however should still be rather
difficult.} ({'Middlegame' alternatives look fraught with terrible dangers for
white eg.} 15. Qd2 Rad8 16. Qc2 Bb7 17. O-O Qg5 18. g3 Nf3+ 19. Bxf3 Bxf3 $17 {
[%csl Rg1,Gg2]}) 15... Qxd4 16. exd4 Nxc4 17. bxc4 $8 Bxc4 18. O-O Bxe2 19.
Rfc1 Red8 $6 {This already looks a bit odd. I would have thought it better to
defend c7 with} (19... Rac8 $5 {since this c-pawn is far from vulnerable,
whereas the defence of white's d-pawn is likely at least to tie down his
bishop.}) 20. Rxc7 Rxd4 21. Bb2 Rd5 22. Re1 h6 23. Bc3 Bd1 24. a5 $1 bxa5 25.
Bxa5 Rxa5 26. Rxd1 Rf5 27. Rd4 a5 28. g4 Rg5 29. Ra4 f5 30. h3 {white still
has some losing chances, but the scale of his defensive achievement so far
should not be underestimated. The 'Drift of Events' is in his favour!} fxg4 31.
hxg4 Rb8 32. Ra7 Rb4 33. R4xa5 Rgxg4+ 34. Kf1 Rb1+ 35. Ke2 Rf4 36. Ra2 Rg4 37.
R7a4 Rgg1 38. Ra5 Kh7 39. Rc5 Rb6 40. Rf5 Kg6 41. Raa5 Re6+ 42. Kf3 Rb6 1/2-1/2

[Event "EU-ch 5th"]
[Site "Antalya"]
[Date "2004.05.24"]
[Round "9"]
[White "Mamedyarov, Shakhriyar"]
[Black "Istratescu, Andrei"]
[Result "0-1"]
[WhiteElo "2657"]
[BlackElo "2587"]
[Annotator "Wells,P"]
[PlyCount "88"]
[EventDate "2004.05.15"]
[EventType "swiss"]
[EventRounds "13"]
[EventCountry "TUR"]
[SourceTitle "CBM 101"]
[Source "ChessBase"]
[SourceDate "2004.07.27"]
[SourceVersion "1"]
[SourceVersionDate "2004.07.27"]
[SourceQuality "1"]

1. d4 Nf6 2. c4 e6 3. Nc3 Bb4 4. e3 b6 5. Nge2 Ba6 6. a3 (6. Ng3 $5) 6... Bxc3+
7. Nxc3 d5 8. Qf3 $5 {Objectively, I would probably give my vote to the more
modest 8 b3, but Black's resources are holding up quite well there.} O-O 9. g4
$5 {This suits the uncompromising style of the young and talented Azeri whose
openings invariably parade his at times almost staggering directness. It is
also arguably the only real attempt here at an opening initiative since} (9.
cxd5 exd5 10. Bxa6 Nxa6 11. Qe2 {The slight displacement of the knight on a6
is not of earth shattering importance. If White is not careful the fact that
his 'bad' bishop really is not so easy to activate may count for more. In this
example the young Georgian at least handles this problem fairly well, but he
is still not in danger of emerging with much advantage!} Qc8 12. O-O c5 13. Rd1
Rd8 14. Bd2 Qb7 15. Be1 Nc7 16. f3 cxd4 17. Rxd4 Ne6 18. Rd2 d4 19. exd4 Nxd4
20. Qd1 Ne6 21. Bh4 Rxd2 22. Qxd2 Nd7 23. Rd1 Ne5 {Gaprindashvili,V (2486)
-Vladimirov,E (2612) Lausanne Master op 2001 (6) 0-1 is not very interesting
for White.}) (9. Be2 c5 $1 10. dxc5 Nbd7 11. cxd5 Bxe2 12. Qxe2 Nxc5 {also
poses no particular problems.}) 9... Bb7 10. g5 $5 $146 {[%mdl 8] When a
couple of such heavyweight young players taking a fresh look at this variation
seem convinced that this is the way forward it must carry a lot of weight.
Moreover this move, though more direct, in fact has the attraction of keeping
some extra tension in the position. Still, the older move} (10. Bd3 {still
demands some precision from Black. After} Nbd7 ({might} 10... Qc8 11. cxd5 Nxd5
12. Nxd5 Bxd5 13. e4 Bb7 {be playable too?}) 11. g5 Ne4 12. Nxe4 dxe4 13. Bxe4
Bxe4 14. Qxe4 Qxg5 15. Qc6 Nf6 16. Bd2 Qf5 {[%cal Gf2f3,Ge1c1,Gh1g1] I can
believe that Black exerts enough light square influence to maintain the
balance. Still, the position is interesting, and White has his chances too.})
10... Ne4 11. Nxe4 dxe4 12. Qg3 f5 13. gxf6 $6 {This feels wrong, but I am
very wary here of annotating by result! Still, I remember from some lines of
the Dutch in which White ventures an early g4 break that the opening of the
f-file can badly backfire if Black can target f2 - and White's forces do not
look especially well placed to cover this potential weakness.} (13. Bd2 a5 {
Looks strange.} ({How is simply} 13... Nd7 $5 14. O-O-O c5) 14. h4 Qd6 15. Be2
Nd7 16. O-O-O Rae8 17. h5 Qxg3 18. fxg3 e5 19. Rhf1 Rf7 20. Bc3 exd4 21. exd4
Nf8 22. d5 Ba6 23. b4 axb4 24. axb4 g6 25. Kc2 Bc8 26. Ra1 $16 {gave White a
clear advantage in the game Aronian,L - Istratescu,A in the same event just
three days later. The positions are very complex and positionally quirky -
hence the appeal for a generation looking for new paths. In general, Black
could be concerned about how to gain counterplay without creating too many
fresh weaknesses.}) 13... Rxf6 {[%csl Rf2,Rf3][%cal Gf6f2]} 14. Bd2 Rg6 15. Qf4
Nd7 16. Bc3 e5 $1 {Its not so easy for Black to blow the position open before
White can consolidate. However, my main concern is that White's queen will
become a target, and the evidence of this starts here!} 17. Qf5 (17. dxe5 Qe7 {
[%csl Rf4]} 18. h4 Rf8 19. Qh2 Re6 20. Bh3 $140 Nc5 21. Bxe6+ Qxe6 $44 {
with a very fierce attack.}) 17... exd4 18. Bxd4 Qe7 19. Bh3 Nc5 20. Bxc5 bxc5
21. Qd7 Qe5 {[%csl Rb2] Not just f2, but with it b2 looks vulnerable too and a
safe haven for White's king is by no means guaranteed.} 22. O-O-O Rf8 23. Qd2
Rgf6 24. Rdf1 Qh5 25. Bg2 Rg6 26. Rfg1 Qh4 $1 $19 {[%csl Rf2,Rg2] The rook
cannot cover both f2 and g2. Black has too many pieces participating in the
play and this will prove decisive.} 27. Bf1 Rxg1 28. Rxg1 Qxf2 29. Qxf2 Rxf2
30. Bh3 Rxh2 31. Be6+ Kf8 32. Rf1+ Ke7 33. Bg8 g5 34. Rf7+ Kd6 35. Rg7 h6 36.
b4 Re2 37. Rg6+ Ke5 38. Re6+ Kf5 39. Re7 g4 40. Kd1 Rb2 41. Ke1 g3 42. Kf1 h5
43. Rf7+ Kg4 44. Rxc7 Kh3 0-1